000 00709nam a2200217 u 4500
005 20250408063811.0
008 151028s2002 r 000 0 eng d
020 _a9875580074
035 _aUPN01000206433
049 _aCG
050 4 _aKZ7050
_bG3.2
100 1 _aGarzón Real, Baltasar,
_d1955-
_938248
245 1 0 _aCuento de navidad :
_bes posible un mundo diferente /
_cBaltasar Garzón.
260 _aBuenos Aires :
_bUniversidad Nacional de Quilmes,
_bPrometeo 3010,
_c2002.
300 _a237 p.
440 0 _aViejos problemas, nuevas miradas
650 4 _aDERECHO PENAL INTERNACIONAL
_924537
650 4 _aDerechos humanos (Derecho internacional)
_95169
905 _aLibro
999 _c178534
_d178534